000 00604nam a2200205Ia 4500
001 9072
003 GE_BSU
008 181216s||||||||xx |||||||||||||| ||und||
040 _cGE_BSU
080 _a821.353.1-1
100 _aლეჟავა,გიორგი
245 _aლექსები
245 _cრედ:კ.ბობოხიძე;მხატვ:გ.კომოლცევი.
260 _aთბილისი.
260 _bსაბჭ.საქართველო
260 _c1964.
300 _a81გვ;20სმ.
653 _aლექსები
942 _cBK
999 _c42376
_d42376